[Event "Realico Blind"]
[Site "Realico"]
[Date "2019.08.04"]
[Round "5.5"]
[White "Perrone, Gabriel"]
[Black "Barrionuevo, Hilario"]
[Result "1-0"]
[WhiteElo "1865"]
[BlackElo "1239"]
[PlyCount "49"]
[EventDate "2019.08.02"]
[EventType "swiss"]
[EventRounds "5"]
[EventCountry "ARG"]
[SourceTitle "EXT 2024"]
[Source "ChessBase"]
[SourceDate "2023.10.10"]
[SourceVersion "1"]
[SourceVersionDate "2023.10.10"]
[SourceQuality "1"]

1. d4 d5 2. c4 Nf6 3. Nc3 Bf5 4. Nf3 e6 5. Bf4 a6 6. e3 Bd6 7. Bxd6 cxd6 8. cxd5 exd5 9. Be2 0-0 10. 0-0 Re8 11. Qb3 b6 12. Nxd5 Be6 13. Nxf6+ Kf8 14. Nxh7+ Kg8 15. Qc2 g6 16. Nhg5 d5 17. Bd3 Re7 18. Bxg6 fxg6 19. Qxg6+ Rg7 20. Qxg7+ Kxg7 21. Nxe6+ Kf7 22. Nxd8+ Ke7 23. Nb7 Ra7 24. Nc5 bxc5 25. dxc5 1-0

[Event "Realico Blind"]
[Site "Realico"]
[Date "2019.08.03"]
[Round "3.6"]
[White "Cayo, Ana Carolina"]
[Black "Barrionuevo, Hilario"]
[Result "1-0"]
[WhiteElo "1643"]
[BlackElo "1239"]
[PlyCount "71"]
[EventDate "2019.08.02"]
[EventType "swiss"]
[EventRounds "5"]
[EventCountry "ARG"]
[SourceTitle "EXT 2024"]
[Source "ChessBase"]
[SourceDate "2023.10.10"]
[SourceVersion "1"]
[SourceVersionDate "2023.10.10"]
[SourceQuality "1"]

1. d4 d5 2. Nf3 Nc6 3. Bg5 h6 4. Bh4 Nf6 5. e3 Bf5 6. c3 e6 7. Nbd2 Bd6 8. Bb5 0-0 9. 0-0 Qc8 10. Bxf6 gxf6 11. Re1 e5 12. e4 dxe4 13. Nxe4 Bxe4 14. Rxe4 f5 15. Rh4 Qe6 16. Bd3 e4 17. Qd2 f4 18. Re1 Rfe8 19. Rxe4 Qf6 20. Qe2 Re7 21. Rxe7 Nxe7 22. Qe4 Kf8 23. Qxb7 Re8 24. Qxa7 Nc6 25. Qa4 Re7 26. Qxc6 Re6 27. Kf1 Be7 28. Qxc7 Bd8 29. Qxf4 Qe7 30. Rxh6 Rxh6 31. Qxh6+ Ke8 32. Bf5 Qd7 33. Bxd7+ Kxd7 34. Ne5+ Kc8 35. Nxf7 Kc7 36. Nxd8 1-0